000 00537nam a22001697a 4500
005 20260224163813.0
008 260224b |||||||| |||| 00| 0 eng d
020 _a978-0226-28382-1
050 _aHV 8676 .G 37 1990
100 _aGARLAND, DAVID
245 _aPUNISHMENT & MODERN SOCIETY:A STUDY IN SOCIAL THEORY
260 _aCHICAGO,
_bTHE UNIVERSITY OF CHICAGO PRESS,
_c1990,
300 _aX, 376 P, ILL
500 _aINCLUDES BIBLIOGRAPHICAL REFERENCES AND INDEX
650 _a1.PUNISHMENT 2. TITLE 3. SERIES
942 _2lcc
_cBK
999 _c216624
_d216624